8 mots dans mots : gag (mort subite) - Statistiques

Statistiques générales
  • Ce quiz a été pris 26 fois
  • Le résultat moyen est 5 sur 8
Answers on the Grid
Answers color-coded by a green-red scale on the quiz's grid according to % correct below.
microlan---e
fibrocartil---ineux
autof---ellation
bastin---e
antidéfl---rante
tan---e
tripa---illage
éla---e
ba---iste
micro---emblage
dézin---e
gril---er
zin---e
déver---illage
débrou---illage
désen---er
 
Statistiques - réponses
Réponse % Correct
bastin---e
76%
ba---iste
71%
désen---er
71%
microlan---e
71%
éla---e
67%
dézin---e
62%
zin---e
62%
tan---e
57%
Aucun quiz correspondant
Distribution des résultats
% des personnes avec chaque résultat
Percentile par nombre de réponses
Votre historique - résultats
Vous n’avez pas pris ce quiz